Insight vs. desensitization in psychotherapy : (Record no. 29028)
[ view plain ]
| 000 -LEADER | |
|---|---|
| fixed length control field | 01024cam a22003132 4500 |
| 001 - CONTROL NUMBER | |
| control field | 29028 |
| 003 - CONTROL NUMBER IDENTIFIER | |
| rucl marc code | BD-RjUL |
| 005 - DATE AND TIME OF LATEST TRANSACTION | |
| control field | 20211209051349.0 |
| 008 - FIXED-LENGTH DATA ELEMENTS--GENERAL INFORMATION | |
| fixed length control field | 040402s1966 caua b 000 0 eng |
| 035 ## - SYSTEM CONTROL NUMBER | |
| System control number | (BD-RjUL)29113 |
| 040 ## - CATALOGING SOURCE | |
| Original cataloging agency | DLC |
| Transcribing agency | XAV |
| Modifying agency | SER |
| -- | OCL |
| -- | WSU |
| -- | BD-RjUL |
| Language of cataloging | eng |
| 041 ## - LANGUAGE CODE | |
| Language code of text/sound track or separate title | eng |
| 060 ## - NATIONAL LIBRARY OF MEDICINE CALL NUMBER | |
| Classification number | WM172 |
| Item number | .P324i 1966 |
| 082 ## - DEWEY DECIMAL CLASSIFICATION NUMBER | |
| Classification number | 616.891 |
| Author mark and year | PAI 1966 |
| 100 1# - MAIN ENTRY--PERSONAL NAME | |
| Personal name | Paul, Gordon L. |
| 9 (RLIN) | 88668 |
| 245 10 - TITLE STATEMENT | |
| Title | Insight vs. desensitization in psychotherapy : |
| Remainder of title | an experiment in anxiety reduction / |
| Statement of responsibility, etc. | Gordon L. Paul. |
| 260 ## - PUBLICATION, DISTRIBUTION, ETC. (IMPRINT) | |
| Place of publication, distribution, etc. | Stanford, Calif. : |
| Name of publisher, distributor, etc. | Stanford University Press, |
| Date of publication, distribution, etc. | 1966. |
| 300 ## - PHYSICAL DESCRIPTION | |
| Pagination | 148 p. |
| Illustrations | illus. |
| Size | 23 cm. |
| 500 ## - GENERAL NOTE | |
| General note | "Based on ... [the author's] doctoral dissertation in psychology for the University of Illinois." |
| 504 ## - BIBLIOGRAPHY, ETC. NOTE | |
| Bibliography, etc | Bibliography: p. [141]-148. |
| 650 #0 - SUBJECT ADDED ENTRY--TOPICAL TERM | |
| Topical term or geographic name as entry element | Psychotherapy. |
| 9 (RLIN) | 88669 |
| Topical term or geographic name as entry element | Anxiety. |
| 9 (RLIN) | 88670 |
| Topical term or geographic name as entry element | Anxiety |
| 9 (RLIN) | 88671 |
| Topical term or geographic name as entry element | Behavior |
| 9 (RLIN) | 88672 |
| Topical term or geographic name as entry element | Psychotherapy |
| 9 (RLIN) | 88673 |
| 942 ## - ADDED ENTRY ELEMENTS (KOHA) | |
| Source of classification or shelving scheme | Dewey Decimal Classification |
| Koha item type | Books |
| Lost status | Source of classification or shelving scheme | Damaged status | Not for loan | Collection code | Permanent Location | Current Location | Shelving location | Date acquired | Source of acquisition | Total Checkouts | Full call number | Date last seen | Copy number | Koha item type |
|---|---|---|---|---|---|---|---|---|---|---|---|---|---|---|
| Dewey Decimal Classification | Added to bundle | Non-fiction | Central Library, University of Rajshahi | Central Library, University of Rajshahi | Reading Room | 25/08/1990 | Asia found.. | 616.891 PAI 1971 | 02/04/2014 | C-1 | Books |